| 000 | 00734nam a2200205 a 4500 | ||
|---|---|---|---|
| 003 | 0 | ||
| 005 | 20250203115003.0 | ||
| 008 | 130824s19uu xx 00 eng d | ||
| 050 |
_aPHS GV 711 _b.Ah286 2013 |
||
| 100 | _aAhmed, Sharmil B. | ||
| 245 |
_aA comparative study on the different international school sports facilities on the performance of the athletes / _cSharmil B. Ahmed. |
||
| 260 |
_aLas PiƱas City, Philippines : _bSouthville International School and Colleges, _c2013. |
||
| 300 |
_a31 p. : _bill. ; _c28 cm. |
||
| 504 | _aIncludes bibliographical references. | ||
| 650 | _aSports facilities. | ||
| 650 | _aAthletic performance. | ||
| 650 | _aSchool sports. | ||
| 650 | _aComparative studies. | ||
| 942 |
_2lcc _cPASS |
||
| 999 |
_c98947 _d98947 |
||